[Event "Mexican op 66th"]
[Site "Villahermosa"]
[Date "2021.08.07"]
[Round "6"]
[White "Gonzalez Arroyo, Lenin"]
[Black "Grande Ramirez, Jose Roberto"]
[Result "1/2-1/2"]
[WhiteElo "2250"]
[BlackElo "1926"]
[PlyCount "74"]
[EventDate "2021.08.04"]
[EventType "swiss"]
[EventRounds "8"]
[EventCountry "MEX"]
[SourceTitle "CBM 203 Extra"]
[Source "ChessBase"]
[SourceDate "2021.09.30"]
[SourceVersion "1"]
[SourceVersionDate "2021.09.30"]
[SourceQuality "1"]

1. e4 c5 2. Nf3 Nc6 3. c3 d5 4. exd5 Qxd5 5. d4 Bg4 6. Be2 Nf6 7. h3 Bh5 8. c4 Qd7 9. d5 Bxf3 10. Bxf3 Nd4 11. Be3 Nxf3+ 12. Qxf3 e6 13. dxe6 fxe6 14. Nc3 Be7 15. Rd1 Qc7 16. Nb5 Qb6 17. Qg3 0-0 18. Qc7 Rf7 19. Qxb6 axb6 20. a3 Rd8 21. 0-0 Rxd1 22. Rxd1 Bf8 23. Rd8 Rd7 24. Rb8 Kf7 25. Kf1 Ne4 26. b3 Bd6 27. Nxd6+ Nxd6 28. a4 Nf5 29. Bg5 Nd4 30. Rd8 Rxd8 31. Bxd8 Nxb3 32. Bxb6 Nd2+ 33. Ke2 Nxc4 34. Bxc5 e5 35. Kf3 b6 36. Be3 Ke6 37. Bc1 Kd5 1/2-1/2

[Event "Mexican op 66th"]
[Site "Villahermosa"]
[Date "2021.08.07"]
[Round "7"]
[White "Grande Ramirez, Jose Roberto"]
[Black "Molina Mendoza, Omar"]
[Result "0-1"]
[WhiteElo "1926"]
[BlackElo "2119"]
[PlyCount "102"]
[EventDate "2021.08.04"]
[EventType "swiss"]
[EventRounds "8"]
[EventCountry "MEX"]
[SourceTitle "CBM 203 Extra"]
[Source "ChessBase"]
[SourceDate "2021.09.30"]
[SourceVersion "1"]
[SourceVersionDate "2021.09.30"]
[SourceQuality "1"]

1. e4 e6 2. d4 d5 3. exd5 exd5 4. c4 Bd6 5. Nf3 Nf6 6. Bd3 dxc4 7. Bxc4 0-0 8. 0-0 Bg4 9. Nc3 Nc6 10. Be3 Ne7 11. h3 Bh5 12. g4 Nxg4 13. hxg4 Bxg4 14. Ne4 Ng6 15. Bg5 Qd7 16. Qd3 Bh3 17. Nh2 Bxf1 18. Rxf1 Nf4 19. Bxf4 Bxf4 20. Qf3 Bxh2+ 21. Kxh2 Qxd4 22. Rg1 Kh8 23. Qg3 f5 24. Ng5 Qxc4 25. Nxh7 Qg4 26. Nxf8 Qxg3+ 27. Kxg3 Rxf8 28. Kf4 Rf6 29. Rd1 Rb6 30. b3 Kh7 31. Rd7 Kg6 32. Rxc7 Kf6 33. Rd7 g5+ 34. Kg3 Rb4 35. f3 Ke6 36. Rg7 g4 37. Rg8 Rd4 38. Rg7 Rd3 39. Rxb7 Rxf3+ 40. Kg2 Rc3 41. Rxa7 f4 42. Ra8 Rc2+ 43. Kg1 f3 44. Rf8 Ke5 45. a4 Ke4 46. a5 g3 47. Re8+ Kd3 48. Rd8+ Ke2 49. Re8+ Kd2 50. Rd8+ Ke1 51. Re8+ Re2 0-1

[Event "Mexican op 66th"]
[Site "Villahermosa"]
[Date "2021.08.04"]
[Round "1"]
[White "Otero Acosta, Diasmany"]
[Black "Grande Ramirez, Jose Roberto"]
[Result "1-0"]
[WhiteElo "2359"]
[BlackElo "1926"]
[PlyCount "85"]
[EventDate "2021.08.04"]
[EventType "swiss"]
[EventRounds "8"]
[EventCountry "MEX"]
[SourceTitle "CBM 203 Extra"]
[Source "ChessBase"]
[SourceDate "2021.09.30"]
[SourceVersion "1"]
[SourceVersionDate "2021.09.30"]
[SourceQuality "1"]

1. d4 Nf6 2. c4 g6 3. Nc3 d5 4. cxd5 Nxd5 5. e4 Nxc3 6. bxc3 Bg7 7. Be3 c5 8. Nf3 0-0 9. Be2 Nd7 10. 0-0 Qc7 11. Rc1 b6 12. Nd2 Rd8 13. Qb3 Nf8 14. f4 e6 15. e5 Bb7 16. Nc4 Bd5 17. dxc5 bxc5 18. Qa3 Nd7 19. Nd6 Bf8 20. c4 Bc6 21. Rfd1 Rab8 22. Bf1 Ba8 23. Nb5 Qb6 24. Nxa7 Be4 25. Nb5 Be7 26. Rd2 f6 27. Rcd1 Bc6 28. Qc3 Ra8 29. a3 f5 30. g3 h6 31. Bg2 Bxg2 32. Kxg2 Qc6+ 33. Kf2 Nb6 34. Nd6 Ra7 35. Qb3 Rad7 36. Qb5 Qxb5 37. cxb5 Bxd6 38. Rxd6 Rxd6 39. Rxd6 Rxd6 40. exd6 Nd7 41. a4 c4 42. a5 c3 43. Ke1 1-0